zpět

Detail výsledku týmu

Lidové sady, Liberec

Datum a čas kvízu

30.5 Celkem bodů Celkový počet nahraných bodů na tomto kvízu bez doplňovacích otázek.
4. Pořadí na kvízu Konečné umístění týmu na tomto kvízu.

Zaznamenané odpovědi

# Otázka Odpověď Body Výsledky
1. Někdejší předseda Nejvyššího s... 1
2. Jisté velké německé město svým... 0
3. V minulých dnech bylo podepsán... 1
4. Společnost Agrofert opouští po... 1
5. Jak se jmenuje česká biatlonis... 1
21. Nejdelší had na světě chovaný... 1
22. Tento živočich z řádu krokodýl... 0
23. Od želv se můžeme dostat ke Ga... 1
24. Jak se nazývá tento živočich?... 1
25. Kteří dva herci ztvárnili dvě... 1